000 00845nam a22002177a 4500
003 OSt
005 20260313070611.0
008 260313b |||||||| |||| 00| 0 eng d
020 _a977-971-9408-2-1
040 _aDWCL GS lib
_cOC
082 _aM578 2011
100 _aMESIAS, LADIE
245 _aOver hills and mountains
_cLADIE MESIAS
260 _aNaga City
_bA.M.S. Press
_c 2011
300 _a173 p
_c17 cm
520 _aThey encounter harsh weather and breathtaking, treacherous scenery.
650 _a It emphasizes that while the ascent is physically and mentally demanding, it is the process that builds resilience, character, and wisdom.
650 _aThe metaphorical journey "over hills and mountains" represents life’s challenges, personal growth, and the pursuit of goals.
700 _aLADIE MESIAS
942 _2ddc
_cFIC.
_n0
999 _c9117
_d9117